000 00447cam a2200157 a 4500
020 _a1572599820 (comp.)
020 _a1572597917
050 0 0 _aBF121
_b.M94 2001
100 1 _aMyers, David G.
245 1 0 _aPsychology /
_cDavid G. Myers.
250 _a6th ed.
260 _aNew York :
_bWorth Publishers,
_c2001.
300 _a1 v. (various pagings) :
856 4 2 _uhttp://www.loc.gov/catdir/enhancements/fy0904/99087968-d.html
942 _2lcc
_cGEN
999 _c6464
_d6464